000
00297nam a22001337a 4500
020
_a
0-394-80601-8
082
_a
823
_b
FAR/B
100
_a
FARLEY, WALTER
245
_a
THE BLACK STALLION
260
_a
NEW YORK
_b
RANDOM HOUSE
_c
1969
300
_a
174
650
_a
NOVEL
_z
UNITED STATES
942
_c
BK
999
_c
3176
_d
3176